Od sexu k nadvědomí /

Hlavní autor: Ošó, 1931-1990
Další autoři: Konečný, Antonín
Jazyk: Čeština
Vydáno: Praha : Pragma, 1992
Vydání: 1. vyd. v ČSFR
Témata:
sex
Fyzický popis: 120 s. ; 21 cm
Knihy
Uloženo v:
LEADER 02149nam a2200577 a 4500
001 000007813
003 CZ BrMZK
005 20260402084617.0
007 ta
008 940829s1992 xr f cze d
015 |a cnb000075851 
020 |a 80-85213-24-9  |q (brož.) 
035 |a (OCoLC)39562552 
040 |a ABA001  |b cze  |d BOA001 
041 1 |a cze  |h eng 
072 7 |a 22/24  |x Náboženství Dálného východu. Indická náboženství. Hinduismus. Buddhismus  |2 Konspekt  |9 5 
080 |a 176  |2 MRF 
080 |a 177  |2 MRF 
080 |a 2-584.5  |2 MRF 
080 |a 165.322  |2 MRF 
080 |a 22/24-583  |2 MRF 
080 |a 233-282  |2 MRF 
080 |a 118:613.88  |2 MRF 
080 |a 2-423.79  |2 MRF 
080 |a 612.6.06  |2 MRF 
080 |a (042.3)  |2 MRF 
100 0 |a Ošó,  |d 1931-1990  |7 jn19981001926  |4 aut 
245 1 0 |a Od sexu k nadvědomí /  |c Osho ; [z angl.] přel. Antonín Konečný ; úvod Amrita Pritam ; graf. úprava Olga Ludvíková 
250 |a 1. vyd. v ČSFR 
260 |a Praha :  |b Pragma,  |c 1992 
300 |a 120 s. ;  |c 21 cm 
500 |a 10000 výt. 
500 |a Obsahuje text 5 přednášek proslovených v Bombaji r. 1968 
500 |a Vl. jm. autora: Móhan Čandra Džain 
500 |a Autor známý též jako Bhagaván Šrí Radžníš 
500 |a Obálka Jakub Kaše 
650 0 7 |a duchovní cesta  |7 ph119626  |2 czenas 
650 0 7 |a duchovní poznání  |7 ph119632  |2 czenas 
650 0 7 |a meditace  |7 ph115255  |2 czenas 
650 0 7 |a tantra  |7 ph139075  |2 czenas 
650 0 7 |a sexuální energie  |7 ph139073  |2 czenas 
650 0 7 |a láska  |7 ph117230  |2 czenas 
650 0 7 |a sex  |7 ph125495  |2 czenas 
655 7 |a přednášky  |7 fd133199  |2 czenas 
700 1 |a Konečný, Antonín  |7 jx20050722021  |4 trl 
910 |a BOA001  |b 2-1001.029  |b PK-0118.127 
920 |a 000025204 
990 |a BK 
996 7 |b 2610011281  |c 2-1001.029  |l MZK  |r Sklad / do 1 hodiny  |n 42  |p p.v.  |w 000007813  |u 000010  |a 1  |e BOA001  |j MZK50  |s A 
996 6 |b 2611029584  |c 2-1001.029  |l MZK  |r Sklad / do 1 hodiny  |n 0  |p dar  |w 000007813  |u 000030  |a 1  |e BOA001  |j MZK50  |s P 
996 7 |b 3119995269  |c PK-0118.127  |l MZK  |r Sklad / do 1 hodiny  |n 59  |w 000007813  |u 000020  |a 1  |e BOA001  |j MZK50  |s A